2024 10/ Calendrier de l'Avent Chants en anglais - Statistiques

Statistiques générales
  • Ce quiz a été pris 5 fois
  • Le résultat moyen est 5 sur 12
Statistiques - réponses
Hint Réponse % Correct
And may all your Christmases be white White Christmas
100%
What fun it is to ride
In a one-horse open sleigh
Jingle Bells
75%
On the seventh day of Christmas my true love sent to me The twelve days of Christmas
75%
Let men their songs employ
While fields and floods, rocks, hills and plains
Repeat the sounding joy
Joy to the World
50%
Following yonder Star
Oh, star of wonder, star of might
Star with royal beauty bright
We Three Kings
50%
Good tidings we bring to you and your kin We wish you a Merry Christmas
50%
O come, let us adore Him O come, all ye
25%
Christ the Savior is born. Silent night
25%
Three Wise men came from country far The first Noel
25%
See the blazing Yule before us.
Fa la la..
Deck the halls
0%
Remember Christ our Saviour
Was born on Christmas Day
God rest you merry, gentlemen
0%
That glorious song of old
From angels bending near the earth
It Came Upon A Midnight Clear
0%
Aucun quiz correspondant
Distribution des résultats
% des personnes avec chaque résultat
Percentile par nombre de réponses
Votre historique - résultats
Vous n’avez pas pris ce quiz